000 00725nam a2200253Ia 4500
003 OSt
005 20220927110640.0
006 a|||||r|||| 00| 0
007 ta
008 220926b |||||||| |||| 00| 0 eng d
024 _a79763
037 _cReports
040 _aRTL
_cRTL
_beng
041 _2eng
_aeng
082 _a"X9:9-16.218.N58t4, K0"
110 _a"India, Labour (Bureau)"
_9350942
245 0 _aReport on family living survey among industrial wo
260 _aDelhi
_bMOP India
_c1960
300 _a94p.
_ccm.
650 _aLabour Economics
700 _a"India, Labour (Bureau)"
_9350944
942 _h"X9:9-16.218.N58t4, K0"
_cCC
999 _c697510
_d697510